Les Chef-D'Oeuvres De Pierre Et De Thomas Corneille Augmentée des Notes & Commentaires De M. De Voltaire Tome I.

Bibliographic Details
Main Author: Corneille, Pierre, 1606-1684 (Author)
Other Authors: Voltaire, 1694-1778 (Commentator for written text)
Format: Book
Language:French
PhysicalDescription:IV, 564 s. 17 cm
Published: A Paris Par la Compagnie des Libraires Associés M.DCC.LXXI. [=1771]
Edition:Nouvelle Édition
Subjects:

MARC

LEADER 00000nam a2200000 4500
001 vtls011569720
003 SK-MaSNL
005 20260301220642.0
008 251112s1771 fr 0 1n0 fre
015 |a SNBHFA1771 
035 |a 909A99EF-FEC6-40A1-859F-EDEE3D7F972E 
035 |a urn:nbn:sk:snk-amtfw2 
035 |a urn:nbn:sk:snk-am00camm 
040 |a SNKHF  |b slo  |c SNK  |e AACR2 
041 0 |a fre 
044 |a fr  |c FR 
072 7 |a 82-1/-8  |x Literatúra rôznych foriem a žánrov (o nej)  |2 konspekt 
080 |a 82-2  |2 2011 
080 |a 792.21  |2 2011 
080 |a 792.245  |2 2011 
100 1 |a Corneille, Pierre,  |d 1606-1684  |4 aut  |9 112780 
240 1 4 |a Les Chef-D'Oeuvres De Pierre Et De Thomas Corneille  |n Tome I. 
245 1 0 |a Les Chef-D'Oeuvres De Pierre Et De Thomas Corneille  |b Augmentée des Notes & Commentaires De M. De Voltaire  |n Tome I. 
246 3 8 |a LBS Chb. R. D' Obuvres Cornbillb  |n Tom. I. 
250 |a Nouvelle Édition 
260 |a A Paris  |b Par la Compagnie des Libraires Associés  |c M.DCC.LXXI. [=1771] 
300 |a IV, 564 s.  |c 17 cm 
500 |a Na titulnom liste uvedené: Le prix eft de 3 l. 12. f. le vol. relié 
500 |a Na titulnom liste uvedené udelenie aprobátia: Avec Approbation & Privilége du Roi 
500 |a Na titulnom liste a v knižnom bloku vinety s rastlinným námetom 
504 |a Tlačené poznámky pod čiarou 
508 |a Predslov 
546 |a Francužština 
561 |a Okrúhla pečiatka: Museálna Slovenská spoločnosť.  |5 SNK ID 64393/1 
561 |a Na prednom prídoští provenienčný rukopisný záznam: Č. 3. I. Šembery - Kmeť.  |5 SNK ID 64393/1 
650 0 7 |a tragédie  |2 SNKPH  |9 30732 
655 7 |a drámy  |2 SNKPH  |9 70553 
655 7 |a divadelné hry  |2 SNKPH  |9 70577 
700 1 |a Vignerot d'Aiguillon, Marie Madeleine de,  |d 1604-1675  |4 hnr  |9 608090 
700 1 |a Kmeť, Andrej,  |d 1841-1908  |4 fmo  |9 191981 
700 1 |a Voltaire,  |d 1694-1778  |4 cwt  |9 39351 
710 2 |a Compagnie des Libraires Associés (Paríž, Francúzsko)  |4 pbl  |9 490937 
740 0 2 |a Le Cid 
740 0 2 |a Les Horaces 
740 0 2 |a Cinna 
740 0 2 |a Poyeucte 
752 |a Francúzsko  |d Paríž 
852 |a snk  |b Historické fondy  |p ID 64393/1 
958 |a ONDV 
999 |c 932675  |d 934605 
952 |t Kme X/342/1  |a SNK  |b SNK  |c SNK_HF  |y PREZ  |7 0  |p 17A1128872  |o snkID 64393/1  |i snkF 3832/75  |8 5  |0 0  |1 0  |4 0  |d 2016-07-27  |f 1  |l 0  |r 2026-02-24 08:53:48  |w 2026-02-24